000 00686nam a2200217Ii 4500
003 JO-AjNU
008 230605s9999||||xx |||||||||||||| ||und||
020 _a111-444507-1
040 _aJO-AjNU
_bara
_erda
_cJO-AjNU
041 _aara
050 1 4 _aQA76.6 1996
100 3 _aابو الهيجاء ، هيثم/ م مشارك نجوى اللحام,
_eauthor
_99054
245 0 0 _aتطبيقات الحاسوب
250 _aط1
264 3 1 _aعمان:وزارة التربية والتعليم ، 1996
300 _a134ص
336 _atext
_btxt
_2rdacontent
337 _aunmediated
_bn
_2rdamedia
338 _avolume
_bnc
_2rdacarrier
650 4 _aمهارات الحاسوب
_99055
999 _aA1103
_c4671
_d4671